| 000 | 00872nam a2200289Ia 4500 | ||
|---|---|---|---|
| 003 | GCL | ||
| 008 | 140319s9999 xx 000 0 ara d | ||
| 040 |
_aGCL / _cGCL |
||
| 082 | 0 | 4 |
_a301.3 _bم م |
| 100 | 1 | _aماكيفر, ر.م | |
| 245 | 1 | 0 |
_aالمجتمع / _cماكيفر, ر.م |
| 700 | 1 | _aبيدج، شارليز . هـ | |
| 700 | 1 | _aعلى احمد عيسى (مترجم) | |
| 260 |
_a[S.N] : _bمكتبة النهضة المصرية ، _c1974 |
||
| 300 | _aمتعدد الترقيم | ||
| 490 | _a | ||
| 650 | 0 | 4 | _aالبيئة |
| 650 | 0 | 4 | _aالمجتمع |
| 650 | 0 | 4 | _aالاجتماع |
| 650 | 0 | 4 | _aالسلوك |
| 650 | 0 | 4 | _aالتغير الاجتماعى |
| 650 | 0 | 4 | _aالتطور الاجتماعى |
| 650 | 0 | 4 | _aالفرد |
| 650 | 0 | 4 | _aالتقدم الاجتماعى |
| 650 | 0 | 4 | _aالتكيف الاجتماعى |
| 942 |
_2ddc _cBK |
||
| 999 |
_c29796 _d29796 |
||